Normal view
MARC view
- Urdu fasana
Entry Topical Term
001 - CONTROL NUMBER
- control field: 3600
003 - CONTROL NUMBER IDENTIFIER
- control field: NUST
005 - DATE AND TIME OF LATEST TRANSACTION
- control field: 20170727095152.0
008 - FIXED-LENGTH DATA ELEMENTS
- fixed length control field: 170727|| aca||aabn | a|a d
040 ## - CATALOGING SOURCE
- Original cataloging agency: NUST
- Transcribing agency: NUST
150 ## - HEADING--TOPICAL TERM
- Topical term or geographic name entry element: Urdu fasana
- Form subdivision: Fun (Technique)
670 ## - SOURCE DATA FOUND
- Source citation: Work cat.: (NUST)0: Aslam, Fauziyah. 3599, Urdu afsāne men̲ uslūb aur taknīk ke tajarbāt /, 2007.
